Aspectos del movimiento europeísta desde la segunda guerra mundial / (Record no. 117325)

MARC details
000 -LEADER
campo de control de longitud fija 00630nam a2200169 4500
001 - NÚMERO DE CONTROL
campo de control 117325
003 - IDENTIFICADOR DE NÚMERO DE CONTROL
campo de control ES-MaACL
005 - FECHA Y HORA DE LA ÚLTIMA TRANSACCIÓN
campo de control 20230906190859.0
007 - CAMPO FIJO DE DESCRIPCIÓN FÍSICA--INFORMACIÓN GENERAL
campo de control de longitud fija t|
008 - DATOS DE LONGITUD FIJA--INFORMACIÓN GENERAL
campo de control de longitud fija 071121s1959 sp r ||||1| spa d
100 1# - ENTRADA PRINCIPAL--NOMBRE DE PERSONA
Nombre de persona Peñalosa Esteban-Infantes, Margarita.
9 (RLIN) 90302
245 10 - MENCIÓN DEL TÍTULO
Título Aspectos del movimiento europeísta desde la segunda guerra mundial /
Mención de responsabilidad, etc. Margarita Peñalosa Esteban-Infantes.
260 ## - PUBLICACIÓN, DISTRIBUCIÓN, ETC.
Lugar de publicación, distribución, etc. Ciudad Real :
Nombre del editor, distribuidor, etc. Consejo Superior de Investigaciones Científicas,
Fecha de publicación, distribución, etc. 1959.
300 ## - DESCRIPCIÓN FÍSICA
Extensión 25 p. ;
Dimensiones 22 cm.
710 2# - ENTRADA AGREGADA--NOMBRE DE ENTIDAD CORPORATIVA
Nombre de entidad corporativa o nombre de jurisdicción como elemento de entrada Consejo Superior de Investigaciones Científicas (España)
9 (RLIN) 3236
852 ## - LOCALIZACIÓN
Ubicación ES-MaACL
Número de control de estantería 2017-F-15
Sublocalización o colección R.45805
Holdings
Estatus retirado Estado de pérdida Estado de daño No para préstamo Colección Biblioteca de origen Biblioteca actual Ubicación en estantería Fecha de adquisición Fuente de adquisición Total de préstamos Signatura topográfica completa Código de barras Visto por última vez Precio de reemplazo Tipo de ítem Koha
        Colección de folletos Biblioteca del Ateneo de Madrid Biblioteca del Ateneo de Madrid Depósito folletos 17/01/2008     2017-F-15 1122325 23/02/2023 23/02/2023 Folleto